000 00657nam a22002057a 4500
003 gtgcuscq
005 20260219145615.0
007 ta
008 260219b |||||||| |||| 00| 0 sp d
020 _a9786077073178
040 _agtgcuscq
_bspa
_cgtgcuscq
_dgtgcuscq
_erda
082 _a628 I46
100 1 0 _aMihelcic, James. . [et al]. - -
_918458
245 1 0 _aIngenieria Ambiental:
_bfundamentos, sustentabilidad, diseño . /
_cJames Mihelcic. . [et al]. - -
260 _aMéxico:
_bAlfahomega,
_cc2012.
300 _a696 p.;
_c25 cm.
365 _bQ280.00
650 _atratamiento aguas
_vrecursos aire
_xdesperdicios solidos
_918459
942 _2ddc
_cBK
_n0
999 _c9479
_d9479